Κατάλογος Βιβλιοθηκών Mediterranean College

Λογιστική (Record no. 4297)

MARC details
000 -LEADER
fixed length control field 01054cam a22001814a 4500
005 - ΗΜΕΡΟΜΗΝΙΑ ΚΑΙ ΩΡΑ ΤΕΛΕΥΤΑΙΑΣ ΕΝΗΜΕΡΩΣΗΣ
Πεδίο ελέγχου 20250605164142.0
008 - FIXED-LENGTH DATA ELEMENTS--GENERAL INFORMATION
Πεδίο ελέγχου σταθερού μήκους 250528s ||||||||||||||||||||||||d
035 ## - SYSTEM CONTROL NUMBER
System control number 19006
040 ## - ΠΗΓΗ ΚΑΤΑΛΟΓΟΓΡΑΦΗΣΗΣ
Φορέας πρωτότυπης καταλογογράφησης MC Athens Campus Library
Γλώσσα καταλογογράφησης Ελληνικά, Μοντέρνα (1453-)
Modifying agency MC Athens Campus Library
Κανόνες περιγραφικής καταλογογράφησης AACR2
245 1# - ΤΙΤΛΟΣ ΚΑΙ ΔΗΛΩΣΗ ΥΠΕΥΘΥΝΟΤΗΤΑΣ
Τίτλος Λογιστική
260 ## - PUBLICATION, DISTRIBUTION, ETC.
Name of publisher, distributor, etc. Κεας - Κέντρο Ανωτέρων Σπουδών Ξυνή
300 ## - PHYSICAL DESCRIPTION
Extent 224
520 ## - SUMMARY, ETC.
Summary, etc. Γενικές Αρχές Λογιστικής, Εισαγωγή, Έννοια της Λογιστικής, Εμφάνιση της Οικονομικής Καταστάσεως της Επιχειρήσεως, Μεταβολές της Οικονομικής Καταστάσεως της Επιχειρήσεων, Λογαριασμοί, Εξέταση των Λογαριασμών από Απόψεως Εντάξεως των στον Ισολογισμό, Λογιστική Οργάνωση, Ειδικά Θέματα Επιχειρήσεων, Ασκήσεις.
700 1# - ΠΡΟΣΘΕΤΗ ΑΝΑΓΡΑΦΗ--ΦΥΣΙΚΟ ΠΡΟΣΩΠΟ
Personal name Κοντογεωργάκης Αντώνης
9 (RLIN) 5286
942 ## - ADDED ENTRY ELEMENTS (KOHA)
Koha item type Books
Holdings
Τύπος τεκμηρίου Βιβλιοθήκη Τρέχουσα τοποθεσία Barcode Αριθμός εισαγωγής Ημερομηνία απόκτησης Ταξιθετικό σύμβολο Αριθμός αντιτύπου Κατάσταση απόσυρσης Κατάσταση χαμένου Κατάσταση κατεστραμμένου Μη δανεισμός Σύνολο δανεισμών Ημερομηνία τελευταίας εμφάνισης Η τιμή ισχύει από
Books MC Athens Campus Library MC Athens Campus Library 9780000042965 3939 05/06/2025 657 KON 1           05/06/2025 05/06/2025

MC Athens Campus Library
Πατησίων 94 & Κοδριγκτώνος 13, 104 34
Πελλήνης 8 & Πατησίων 107, 112 51
Τ: +30 210 8899600

MC Thessaloniki Campus Library
Ίωνος Δραγούμη 21, 54625 | Ίωνος Δραγούμη 15, 54625
Τ: +30 2310 287779 – Τ: +30 2314 440300